Państwa posiadające działające elektrownie atomowe. - Statystyki

Ogólne statystyki
  • Ten quiz został rozwiązany 109 razy
  • Średni wynik to 21 z 32
Statystyki odpowiedzi
Nazwa kraju % Poprawnych
Francja
92%
Ukraina
91%
Rosja
89%
Chiny
87%
Szwecja
83%
Hiszpania
81%
Indie
80%
Kanada
80%
Wielka Brytania
77%
Japonia
76%
Białoruś
75%
Czechy
75%
Finlandia
75%
Brazylia
73%
Słowacja
73%
Argentyna
69%
Meksyk
69%
Korea Południowa
64%
Rumunia
63%
Węgry
63%
Belgia
60%
Holandia
60%
Iran
60%
Turcja
59%
Bułgaria
56%
Pakistan
52%
Egipt
48%
Słowenia
45%
Zjednoczone Emiraty Arabskie
39%
Tajwan
36%
Bangladesz
27%
Armenia
21%
Nie znaleziono quizów pasujących do podanych kryteriów
Rozkład punktacji
Procent ludzi z każdym wynikiem
Percentyl według liczby udzielonych odpowiedzi
Twoja historia wyników
Nie rozwiązałeś tego quizu